| 000 | nam a22 7a 4500 | ||
|---|---|---|---|
| 999 |
_c7282 _d7282 |
||
| 008 | 170803b xxu||||| |||| 00| 0 eng d | ||
| 020 | _a9788178557762 | ||
| 082 | _a174.4 | ||
| 100 |
_aCHHABRA,T.N _9718 |
||
| 245 |
_aBUSINESS STUIES _bPRINCIPLES AND FUNCTIONS OF MANAGEMENT |
||
| 250 | _aTWELTH EDITION | ||
| 260 |
_aNEW DELHI _bARYA PUBLICATIONS _c2017 |
||
| 300 | _aTEST | ||
| 942 |
_2ddc _cBK _e12 |
||